| 000 | 00492nam a22001937a 4500 | ||
|---|---|---|---|
| 003 | MPLRDC | ||
| 005 | 20220104124233.0 | ||
| 008 | 210129b ||||| |||| 00| 0 eng d | ||
| 020 | _a978-7-5613-4013-4 | ||
| 082 | _a229.1 SJX | ||
| 100 | _a释见信 编 | ||
| 245 |
_a图解释迦牟尼 _c |
||
| 250 | _a一版一刷 | ||
| 260 |
_a中国 _b陕西师范大学出版社 _c2008 |
||
| 300 | _b318 | ||
| 490 | _a图解经典: 50 | ||
| 650 | _a释迦牟尼--佛传 | ||
| 942 |
_cBK _o229.1 SJX |
||
| 999 |
_c17717 _d17707 |
||